000 00835nas a2200241 a 4500
003 AM-YeHGA
040 _aAM-YeHGA
650 0 4 _aԱմսագիր
942 _2udc
_cCR
090 _c172438
001 000468432
005 20250617133802.0
008 051213c18689999ai |rzp 0 0arm d
041 0 _aarm
222 0 _aԱրարատ
245 0 0 _aԱրարատ :
_bԿրոնական, բարոյական, պատմական, բանասիրական և ազգային : Պաշտոնական ամսագիր Հայրապետական Աթոռ Ս. Էջմիածնի.
260 _aԷջմիածին :
_bՄայր Աթոռ,
_c1868-.
300 _aհամար.
310 _aԱմենամսյա
362 0 _a1868-
650 1 4 _aԿրոն
_vՊարբերականներ
650 1 4 _aԲարոյագիտություն
_vՊարբերականներ
999 _c171000
_d171000